000 00611nam a22002417a 4500
005 20251119152432.0
008 160419b2010 xxu||||| |||| 00| 0 spa d
020 _a9789968502122
041 _aESP
082 _aCR 863.44 A283a
100 _aAguilar Quirós, Jorge Alfredo
_98229
245 _aEl amor es eterno mientras dura
260 _aCosta Rica
260 _bJadine
260 _c2010
300 _a148 páginas
490 _aTemática General
650 _aNOVELA COSTARRICENSE
650 _aLITERATURA COSTARRICENSE
650 _aMADRE E HIJA
650 _aALZHEIMER
942 _cLIT
_2ddc
999 _c7987
_d7987